000 01888cam a22004334i 4500
003 PE-LiUPU
005 20250731175624.0
008 150623s r 000 0 d
020 _a0310201756
035 _a(Sirsi) i9780310201755
040 _aPE-LiUPU
_bspa
_cPE-LiUPU
_erda
049 _aPRUA
082 0 4 _a487.4
_bR75
_221
100 1 _aRogers, Cleon L.,
_eautor.
245 1 4 _aThe new linguistic and exegetical key to the greek New Testament /
_cCleon L. Rogers, Jr. y Cleon L. Rogers III.
264 1 _aGrand Rapids, Michigan :
_bZondervan Publishing House,
_c1998.
300 _a652 páginas ;
_c24 centímetros
336 _atext
_2rdacontent
337 _aunmediated
_2rdamedia
338 _avolume
_2rdacarrier
505 0 _aMatthew. -Mark. -Luke. -John. -Acts. -Romans. -1Corinthians. -2 Corinthians. -Galatians. -Ephesians. -Philippians. -Colossians. -1 Thessalonians. -2 Thessalonians. -1 Timothy. -2 Timothy. -Titus. -Philemon. -Hebrews. -James. -1 Peter. -2 Peter. -1 John. -2 John. -3 John. -Jude.
526 _aP145
526 _aP127
526 _aP97
526 _aP35
526 _aP14
526 _aP07
630 _aBiblia.
_pN.T.
_xGriego
_vLenguaje, estilo.
630 _aBiblia.
_pN.T.
_xGriego
_vTraducción.
650 0 4 _aGriegao bíblico
_vGlosarios, vocabularios, etc.
700 1 _aRienecker, Fritz. Sprachlicher Schlu¨ssel zum griechischen Neuen Testament. English.
700 1 _aRogers, Cleon L.,
_d1955-,
_eautor.
942 _2ddc
_cBOOK
949 _a487.4 R75
_wDEWEY
_c1
_i46638
_lCCODEBUL1
_mBUL
_r0
_sY
_tBOOK
_u2015-6-24
_xTEOLOGIA
_PP35
_0COMPRA
_o.STAFF. Colección General
994 _aC0
_bPEPRU
596 _a1
999 _a487.4 R75
_wDEWEY
_c23425
_i46638
_d23425
_f2021-11-11
_g5
_lCCODEBUL1
_mBUL
_q4
_r0
_sY
_tBOOK
_u2015-6-24
_xTEOLOGIA
_PP35
_0COMPRA
_o.STAFF. Colección General
980 _81
_gALBERTO SANCHEZ Responsable de Automatización